Система контроля качества производства бипластмассовых труб и строительства из них трубопроводов; Трубопроводы и экология; № 2

Detalles Bibliográficos
Parent link:Трубопроводы и экология: научно-практический журнал.— , 2002-2012
№ 2.— 2002.— С. 5-6
Autor Principal: Зайцева К. И.
Outros autores: Грейлих В. И., Маевский И. И.
Idioma:ruso
Publicado: 2002
Series:2002
Subjects:
Formato: Capítulo de libro
KOHA link:https://koha.lib.tpu.ru/cgi-bin/koha/opac-detail.pl?biblionumber=383294

MARC

LEADER 00000naa2a2200000 4500
001 383294
005 20231101063110.0
035 |a (RuTPU)RU\TPU\prd\8768 
090 |a 383294 
100 |a 20021128a2002 k y0rusy50 ca 
101 0 |a rus 
102 |a RU 
200 1 |a Система контроля качества производства бипластмассовых труб и строительства из них трубопроводов  |f К. И. Зайцева, В. И. Грейлих, И. И. Маевский 
225 1 |a 2002 
461 1 |0 (RuTPU)RU\TPU\prd\4239  |t Трубопроводы и экология  |o научно-практический журнал  |d 2002-2012 
463 1 |0 (RuTPU)RU\TPU\prd\6043  |t № 2  |v С. 5-6  |d 2002 
610 1 |a контроль качества 
610 1 |a системы контроля 
610 1 |a бипластмассовые трубы 
610 1 |a строительство трубопроводов 
610 1 |a газонефтепроводы 
610 1 |a коррозионное поражение 
610 1 |a пластмассовые трубы 
700 1 |a Зайцева  |b К. И. 
701 1 |a Грейлих  |b В. И. 
701 1 |a Маевский  |b И. И. 
801 1 |a RU  |b 63413507  |c 20021128  |g PSBO 
801 2 |a RU  |b 63413507  |c 20140703  |g RCR 
942 |c BK